000
00255nam a2200109Ia 4500
008
231212s1981 xx 000 0 und d
041
_a
eng
082
_a
621.37
100
_a
Ktitorov A.F.
245
_a
Basic Practice in
260
_a
Mascow
_b
Mir Pub
_c
1981
999
_c
958477
_d
958477